Election Logic Puzzle Quiz Stats

Quiz Updated Jun 9, 2016

Challenge
Share
Tweet
Score 0/25 Timer 15:00
4 Plays Today
voter % Correct
A1
>--
>--
???
100%
D1
>--
>--
???
83.3%
B4
>--
>--
???
82.3%
E1
>--
>--
???
73.7%
A5
>--
>--
???
66.4%
E5
>--
>--
???
64.2%
C1
>--
>--
???
50.7%
B1
>--
>--
???
50.1%
D2
>--
>--
???
48.6%
E4
>--
>--
???
48.2%
E2
>--
>--
???
46.3%
E3
>--
>--
???
44.7%
D4
>--
>--
???
38.8%
voter % Correct
D3
>--
>--
???
38.3%
D5
>--
>--
???
37.1%
A4
>--
>--
???
34.1%
C4
>--
>--
???
33.7%
C3
>--
>--
???
33%
C2
>--
>--
???
28.5%
C5
>--
>--
???
27.7%
B3
>--
>--
???
25%
B2
>--
>--
???
23.4%
B5
>--
>--
???
22.3%
A2
>--
>--
???
19.9%
A3
>--
>--
???
18.6%

You're not logged in!

Compare scores with friends on all Sporcle quizzes.
Sign Up with Email
OR
Log In

You Might Also Like...

Show Comments

Extras

Top Quizzes Today


Score Distribution

Your Account Isn't Verified!

In order to create a playlist on Sporcle, you need to verify the email address you used during registration. Go to your Sporcle Settings to finish the process.